Music Quiz

Random Music or Artist Quiz

Name The Pink Song Quiz Stats

Quiz not verified by Sporcle

Challenge
Share
Tweet
Embed
Score 0/14 Timer 05:00
0 Plays Today
Song Lyrics Song Title % Correct
I guess I just lost my husbandSo What
79.1%
I let you see the parts of me that weren’t all that prettyJust Give Me A Reason
70.9%
I think, I took too much I’m cryin’ here, what have you done?Just Like A Pill
67.3%
You took my hand you showed me how you promised me you’d be aroundWho Knew
65.5%
I’m gonna burn it down, down, downFunhouse
60.9%
Come take a walk with meDear Mr. President
56.4%
I am capable of really anything I can cut you into piecesPlease Don't Leave Me
52.7%
Song Lyrics Song Title % Correct
Don’t wanna be my friend no more, I wanna be somebody elseDon't Let Me Get Me
52.7%
Dear, dear diary, I wanna tell my secretsDear Diary
47.3%
I’m not here for your entertainmentU and Ur Hand
46.4%
I conjure up the thought of being gone but I’d probably even do that wrongIt's All Your Fault
19.1%
Oh, I’ve felt the fire and I, I’ve been burned Crystal Ball
14.5%
You’ll always be mine in the back of my mindThe One That Got Away
10%
There is no heartache if you can afford everything delivered right to your doorI've Got Money Now
8.2%

You're not logged in!

Compare scores with friends on all Sporcle quizzes.
Sign Up with Email
OR
Log In

You Might Also Like...

Show Comments

Extras

Top Quizzes Today


Score Distribution

Your Account Isn't Verified!

In order to create a playlist on Sporcle, you need to verify the email address you used during registration. Go to your Sporcle Settings to finish the process.

Report this User

Report this user for behavior that violates our Community Guidelines.

Details: